Tax Accounting / (Record no. 8318)
[ view plain ]
| 000 -LEADER | |
|---|---|
| fixed length control field | 00508cac a22001695a 4500 |
| 008 - FIXED-LENGTH DATA ELEMENTS--GENERAL INFORMATION | |
| fixed length control field | 080908r2008 ua |||| |||| 000 0 eng d |
| 040 ## - CATALOGING SOURCE | |
| Original cataloging agency | EG-ScBUE |
| Language of cataloging | eng |
| Transcribing agency | EG-ScBUE |
| 082 04 - DEWEY DECIMAL CLASSIFICATION NUMBER | |
| Classification number | 343 |
| Item number | ALS |
| Edition number | 22 |
| 100 1# - MAIN ENTRY--PERSONAL NAME | |
| Personal name | Al-Shazly, Tahseen. |
| 9 (RLIN) | 23266 |
| 245 10 - TITLE STATEMENT | |
| Title | Tax Accounting / |
| Statement of responsibility, etc | Tahseen Al-Shazly. |
| 260 ## - PUBLICATION, DISTRIBUTION, ETC. (IMPRINT) | |
| Place of publication, distribution, etc | Cairo: |
| Name of publisher, distributor, etc | Faculty Of Commece,Cairo University, |
| Date of publication, distribution, etc | 2008. |
| 300 ## - PHYSICAL DESCRIPTION | |
| Extent | 401p. ; |
| Dimensions | 20 cm. |
| 590 ## - LOCAL NOTE (RLIN) | |
| Local note | Doha Ragab |
| 650 ## - SUBJECT ADDED ENTRY--TOPICAL TERM | |
| Topical term or geographic name as entry element | Tax accounting |
| 9 (RLIN) | 23267 |
| Source of heading or term | BUEsh |
| 651 ## - SUBJECT ADDED ENTRY--GEOGRAPHIC NAME | |
| Source of heading or term | BUEsh |
| 942 ## - ADDED ENTRY ELEMENTS (KOHA) | |
| Item type | Book - Borrowing |
| Call number prefix | 343SHA |
| Source of classification or shelving scheme | Dewey Decimal Classification |
| Withdrawn status | Item status | Source of classification or shelving scheme | Damaged status | Not for loan | Home library | Current library | Shelving location | Date acquired | Source of acquisition | Total Checkouts | Total Renewals | Full call number | Barcode | Date last seen | Date last borrowed | Koha item type | Vendor |
|---|---|---|---|---|---|---|---|---|---|---|---|---|---|---|---|---|---|
| Dewey Decimal Classification | Central Library | Central Library | First floor | 03/03/2008 | Purchase | 12 | 46 | 343 ALS | 000009972 | 15/07/2025 | 21/04/2018 | Book - Borrowing | |||||
| Dewey Decimal Classification | Central Library | Central Library | First floor | 03/03/2008 | Purchase | 12 | 24 | 343 ALS | 000009971 | 15/07/2025 | 12/04/2012 | Book - Borrowing | |||||
| Dewey Decimal Classification | Central Library | Central Library | First floor | 08/09/2008 | 5 | 8 | 343 ALS | 000013524 | 15/07/2025 | 19/11/2014 | Book - Borrowing | ||||||
| Dewey Decimal Classification | Central Library | Central Library | First floor | 21/04/2011 | 3 | 343 ALS | 000009970 | 15/07/2025 | 30/04/2012 | NB - Book (Non borrowing) |